[Event "2nd IMSA Rapid 2017"]
[Site "Huai'an CHN"]
[Date "2017.12.10"]
[Round "1.3"]
[White "Yu, Yangyi"]
[Black "Mamedov, Rauf"]
[Result "1/2-1/2"]
[WhiteTitle "GM"]
[BlackTitle "GM"]
[WhiteElo "2751"]
[BlackElo "2709"]
[WhiteFideId "8603820"]
[BlackFideId "13401653"]
[EventDate "2017.12.10"]

1. e4 c5 2. Nf3 Nc6 3. d4 cxd4 4. Nxd4 g6 5. c4 Nf6 6. Nc3 d6 7. Be2 Nxd4 8.
Qxd4 Bg7 9. Be3 O-O 10. Qd2 a5 11. O-O a4 12. f3 Be6 13. Nb5 Nd7 14. Rab1 Qa5
15. Qxa5 Rxa5 16. Nc7 Nc5 17. Rfc1 Rc8 18. Bd2 Ra7 19. Nxe6 Nxe6 20. Kf1 Nc5 21.
Ke1 Ra6 22. Be3 Rb6 23. Rc2 Rb4 24. Bd2 Rb6 25. Be3 Kf8 26. Kd1 e6 27. g4 Ke7
28. h4 h5 29. g5 Rb4 30. Bd2 Rb6 31. Be3 f6 32. f4 fxg5 33. hxg5 Rb4 34. Bd2 Rb6
35. Be3 Rbc6 36. Bf3 Nd3 37. Rd2 Nxf4 38. Bxf4 Rf8 39. e5 Rxc4 40. exd6+ Kd8 41.
Be2 Rcxf4 42. Rc1 Rd4 43. Rc7 Rxd2+ 44. Kxd2 Be5 45. Bb5 Rf2+ 46. Kc1 Bf4+ 47.
Kb1 Rd2 48. Rd7+ Kc8 49. Bxa4 Bxd6 50. Rh7 Rg2 51. Bd7+ Kb8 52. Bxe6 Rxg5 53. a4
Re5 54. Bf7 Rg5 55. Rg7 h4 56. Rxg6 Rf5 57. Rxd6 Rxf7 58. Rh6 Rf4 59. b3 Rf3 60.
Kb2 h3 61. Ka3 Ka7 62. a5 Rf5 63. Ka4 Rf3 64. b4 Rg3 65. Rh4 Rf3 66. Kb5 Rg3 67.
Rh7 Rf3 68. Ka4 Rg3 69. Rh4 Rf3 70. b5 Rg3 71. Kb4 Rf3 72. Rh8 Rf4+ 73. Kc5 Rf5+
74. Kc4 Rf4+ 75. Kc5 Rf5+ 76. Kc4 Rf4+ 77. Kc5 Rf5+ 78. Kc4 1/2-1/2

[Event "2nd IMSA Rapid 2017"]
[Site "Huai'an CHN"]
[Date "2017.12.10"]
[Round "2.2"]
[White "Mamedov, Rauf"]
[Black "Artemiev, Vladislav"]
[Result "0-1"]
[WhiteTitle "GM"]
[BlackTitle "GM"]
[WhiteElo "2709"]
[BlackElo "2691"]
[WhiteFideId "13401653"]
[BlackFideId "24101605"]
[EventDate "2017.12.10"]

1. e4 c6 2. Ne2 d5 3. e5 Bg4 4. f3 Bd7 5. d4 e6 6. Be3 c5 7. c3 Nc6 8. Qd2 cxd4
9. cxd4 f6 10. f4 Nh6 11. Nbc3 Bb4 12. g3 Na5 13. b3 Rc8 14. Bh3 Bb5 15. Nxb5
Bxd2+ 16. Bxd2 Rc6 17. Bb4 Qb6 18. Nec3 f5 19. Bf1 a6 20. Na4 Qd8 21. Nd6+ Rxd6
22. Bxd6 Nc6 23. O-O-O Qa5 24. Kb2 Ng4 25. Be2 Nf2 26. Rhf1 Nxd1+ 27. Rxd1 Kf7
28. Nc5 Qb6 29. g4 Rd8 30. Na4 Qa7 31. Bc5 Qb8 32. gxf5 exf5 33. Bb6 Ne7 34. Nc5
Kg8 35. Bxd8 Qxd8 36. Nxb7 Qb6 37. Nc5 Qh6 38. Bxa6 Qxh2+ 39. Ka3 Qxf4 40. Bb5
Qf2 41. Ne6 Qc2 42. Rg1 g6 43. Kb4 Qxa2 44. Kc5 Qxb3 45. Bd7 Qa3+ 46. Kb5 Qa7
47. Nc5 Qb8+ 48. Ka4 Qb2 49. Nb3 f4 50. Rc1 f3 51. Rc7 f2 52. Bh3 Nf5 53. Bg2
Ne3 54. Bh3 Nc2 55. e6 Qa3+ 56. Kb5 Qxb3+ 57. Ka6 0-1

[Event "2nd IMSA Rapid 2017"]
[Site "Huai'an CHN"]
[Date "2017.12.10"]
[Round "2.3"]
[White "Le, Quang Liem"]
[Black "Korobov, Anton"]
[Result "1-0"]
[WhiteTitle "GM"]
[BlackTitle "GM"]
[WhiteElo "2737"]
[BlackElo "2652"]
[WhiteFideId "12401137"]
[BlackFideId "14105730"]
[EventDate "2017.12.10"]

1. Nf3 d5 2. d4 Nf6 3. c4 c6 4. Nc3 e6 5. e3 Nbd7 6. Qc2 a6 7. c5 e5 8. dxe5 Ng4
9. Na4 Ngxe5 10. Nxe5 Nxe5 11. b4 g6 12. Bb2 Bf5 13. Qb3 f6 14. f4 Nd7 15. Bd3
Bxd3 16. Qxd3 Qe7 17. O-O Bg7 18. f5 Kf7 19. Rae1 Rhe8 20. Bd4 Qe4 21. Qd1 Ne5
22. Nc3 Qd3 23. e4 Rad8 24. exd5 cxd5 25. fxg6+ Kxg6 26. Qxd3+ Nxd3 27. Rxe8
Rxe8 28. Nxd5 Re4 29. Bc3 a5 30. bxa5 Nxc5 31. Bxf6 Ra4 32. h4 h5 33. Ne7+ Kf7
34. Bxg7+ Kxg7 35. Rf5 Rxa5 36. Rxh5 b6 37. Nc8 Rxa2 38. Nxb6 Ne4 39. Nd5 Ra1+
40. Kh2 Nf2 41. Rf5 Rh1+ 42. Kg3 Ne4+ 43. Kg4 Rh2 44. Rf4 Nc5 45. Ne3 Kg6 46.
Rf1 Ne4 47. Rg1 Kf6 48. Nf1 1-0

[Event "2nd IMSA Rapid 2017"]
[Site "Huai'an CHN"]
[Date "2017.12.10"]
[Round "4.4"]
[White "Le, Quang Liem"]
[Black "Yu, Yangyi"]
[Result "1/2-1/2"]
[WhiteTitle "GM"]
[BlackTitle "GM"]
[WhiteElo "2737"]
[BlackElo "2751"]
[WhiteFideId "12401137"]
[BlackFideId "8603820"]
[EventDate "2017.12.10"]

1. Nf3 c5 2. c4 Nf6 3. Nc3 e6 4. g3 b6 5. Bg2 Bb7 6. O-O Be7 7. Re1 d5 8. cxd5
Nxd5 9. d4 cxd4 10. Nxd5 Qxd5 11. Qxd4 O-O 12. Bf4 Qxd4 13. Nxd4 Bxg2 14. Kxg2
Rd8 15. Nb5 Nc6 16. Rac1 Nd4 17. Nxd4 Rxd4 18. Rc7 Bd8 19. Rb7 Kf8 20. Rc1 g5
21. Be5 Rd5 22. f4 Ke8 23. Kf3 h5 24. h3 a5 25. e3 a4 26. Bd4 Rd7 27. Rxd7 Kxd7
28. fxg5 Bxg5 29. Bxb6 Bf6 30. Rc7+ Ke8 31. Bc5 Rb8 32. Ra7 Rb5 33. Bd6 Rb6 34.
Ra8+ Kd7 35. Bf8 Rxb2 36. Rxa4 Be5 37. Bh6 f5 38. Ra7+ Kc6 39. Ra6+ Kd7 40. a4
Bc3 41. Bg7 Bxg7 42. Ra7+ Kd6 43. Rxg7 Ra2 44. Ra7 Rh2 45. h4 Ke5 46. a5 Ra2 47.
a6 Ra4 48. Ra8 Ra3 49. Ra7 Ra2 50. Ra8 Ra1 51. a7 Ra2 52. Rh8 Rxa7 53. Rxh5 Ra4
54. Rh6 Ra1 55. h5 Rf1+ 56. Kg2 Re1 57. Kf2 Rh1 58. Kg2 Re1 59. Rg6 Rxe3 60. h6
Re2+ 61. Kh3 Re1 62. Kg2 Re2+ 63. Kh3 Re1 64. Kh4 Rh1+ 65. Kg5 Rh3 66. Rg7 Ke4
67. h7 e5 68. Re7 Rxg3+ 69. Kf6 Rh3 70. Rxe5+ Kd4 71. Re7 f4 72. Kg5 f3 73. Kg4
f2 74. Rf7 Rxh7 75. Rxf2 Rg7+ 76. Kh4 Ke5 77. Rf1 Ke6 78. Rf2 Rf7 79. Rxf7 Kxf7 1/2-1/2

[Event "2nd IMSA Rapid 2017"]
[Site "Huai'an CHN"]
[Date "2017.12.11"]
[Round "5.3"]
[White "Artemiev, Vladislav"]
[Black "Le, Quang Liem"]
[Result "0-1"]
[WhiteTitle "GM"]
[BlackTitle "GM"]
[WhiteElo "2691"]
[BlackElo "2737"]
[WhiteFideId "24101605"]
[BlackFideId "12401137"]
[EventDate "2017.12.10"]

1. d4 Nf6 2. c4 e6 3. Nc3 d5 4. cxd5 Nxd5 5. Nf3 c5 6. e3 Nxc3 7. bxc3 Be7 8.
Bd3 O-O 9. Qc2 h6 10. O-O Qc7 11. Qe2 b6 12. e4 Bb7 13. Bb2 Nd7 14. d5 exd5 15.
exd5 Rfe8 16. c4 Bf6 17. Qd2 b5 18. d6 Qb6 19. Bf5 Bxf3 20. gxf3 Ne5 21. Qd5
Rad8 22. d7 Nxd7 23. Bxd7 Bxb2 24. Rae1 Rf8 25. cxb5 Qc7 26. Qb3 Be5 27. Bc6
Bxh2+ 28. Kg2 Rd4 29. Rh1 Be5 30. Rh5 c4 31. Qa3 f6 32. Qc5 Qf7 33. Qxd4 Qxh5
34. Qxc4+ Kh8 35. Rd1 Bc7 36. Rh1 Qg5+ 37. Qg4 Qd2 38. Qf5 Bb6 39. Rf1 Qxa2 40.
Bd5 Qd2 41. Be4 g6 42. Qe6 Qg5+ 43. Qg4 f5 44. Qxg5 hxg5 45. Bd3 Kg7 46. Rc1 Rd8
47. Be2 Rd2 48. Kf1 Rb2 49. Rc6 f4 50. Re6 g4 51. Kg2 Be3 52. Kf1 gxf3 0-1

[Event "2nd IMSA Rapid 2017"]
[Site "Huai'an CHN"]
[Date "2017.12.11"]
[Round "6.2"]
[White "Wang, Hao"]
[Black "Ding, Liren"]
[Result "1/2-1/2"]
[WhiteTitle "GM"]
[BlackTitle "GM"]
[WhiteElo "2709"]
[BlackElo "2777"]
[WhiteFideId "8602883"]
[BlackFideId "8603677"]
[EventDate "2017.12.10"]

1. d4 Nf6 2. c4 e6 3. Nf3 d5 4. Nc3 c6 5. e3 Nbd7 6. Bd3 dxc4 7. Bxc4 b5 8. Bd3
Bb7 9. a3 b4 10. Na4 bxa3 11. O-O axb2 12. Bxb2 Be7 13. Qc2 O-O 14. Ne5 Qc7 15.
Nxd7 Qxd7 16. Nc5 Qc7 17. Rfc1 h6 18. e4 Nd7 19. Nxb7 Qxb7 20. Rab1 Rfc8 21. Qe2
a5 22. g3 Bb4 23. h4 c5 24. d5 exd5 25. exd5 Re8 26. Qh5 Qc7 27. d6 Qxd6 28. Bc4
Ne5 29. Bxe5 Rxe5 30. Qxf7+ Kh8 31. Rd1 Qe7 32. Qg6 Qe8 33. Bf7 Qe7 34. Bc4 Qf6
35. Qxf6 gxf6 36. Rd6 a4 37. Rxf6 a3 38. Kg2 Rd8 39. Rxh6+ Kg7 40. Ra6 Rd4 41.
Ra7+ Kf6 42. Rc1 Ree4 43. Bb3 Re2 44. Ra6+ Ke7 45. h5 Rb2 46. Bg8 Rd8 47. Ra7+
Kf6 48. Bc4 Rdd2 49. Rf7+ Kg5 50. h6 Kxh6 51. Rh1+ Kg6 52. Rh4 Rd4 53. Rxd4 cxd4
54. Ra7 Kf6 55. Kf3 Be1 56. Rxa3 Rxf2+ 57. Ke4 Bc3 58. Ra2 Rxa2 59. Bxa2 1/2-1/2

[Event "2nd IMSA Rapid 2017"]
[Site "Huai'an CHN"]
[Date "2017.12.11"]
[Round "6.6"]
[White "Korobov, Anton"]
[Black "Mamedov, Rauf"]
[Result "1-0"]
[WhiteTitle "GM"]
[BlackTitle "GM"]
[WhiteElo "2652"]
[BlackElo "2709"]
[WhiteFideId "14105730"]
[BlackFideId "13401653"]
[EventDate "2017.12.10"]

1. d4 Nf6 2. c4 g6 3. Nc3 Bg7 4. e4 d6 5. Nf3 O-O 6. Be2 c5 7. d5 e5 8. Bg5 h6
9. Be3 Nh7 10. Qd2 h5 11. Ng5 Nd7 12. h4 Ndf6 13. f3 a6 14. a4 Bd7 15. Rb1 a5
16. Kd1 Nxg5 17. hxg5 Nh7 18. Kc2 f5 19. exf5 Bxf5+ 20. Bd3 e4 21. fxe4 Bg4 22.
e5 Bxe5 23. Bxg6 Qd7 24. Qd3 Qe7 25. Ne4 Qd7 26. b3 Qg7 27. Bxh5 Bf5 28. g4 Bxe4
29. Qxe4 Nxg5 30. Qg6 Bf4 31. Bf2 Qxg6+ 32. Bxg6 Kg7 33. Bf5 Rh8 34. Rbe1 Rae8
35. Rh5 Ref8 36. Reh1 Rxh5 37. Rxh5 Re8 38. Kd1 Rh8 39. Rxh8 Kxh8 40. Be1 b6 41.
Bc3+ Kg8 42. Bf6 Nf3 43. Bd8 Nd4 44. Bc2 1-0

[Event "2nd IMSA Rapid 2017"]
[Site "Huai'an CHN"]
[Date "2017.12.11"]
[Round "7.6"]
[White "Artemiev, Vladislav"]
[Black "Yu, Yangyi"]
[Result "1/2-1/2"]
[WhiteTitle "GM"]
[BlackTitle "GM"]
[WhiteElo "2691"]
[BlackElo "2751"]
[WhiteFideId "24101605"]
[BlackFideId "8603820"]
[EventDate "2017.12.10"]

1. e4 e5 2. Bc4 Nf6 3. Nc3 Nc6 4. d3 Na5 5. Qf3 Bc5 6. Nge2 Nxc4 7. dxc4 d6 8.
Bg5 c6 9. O-O-O h6 10. Bh4 g5 11. Bg3 Bg4 12. Qd3 Nh5 13. Na4 Nxg3 14. fxg3 Qa5
15. Nxc5 Qxc5 16. Rhf1 O-O-O 17. b3 Rd7 18. Rd2 h5 19. Nc3 Qa3+ 20. Kb1 Be6 21.
Nd5 Kb8 22. Nf6 Rdd8 23. h3 g4 24. h4 a5 25. Qe3 a4 26. Qb6 axb3 27. cxb3 Qa7
28. Qb4 Qe3 29. Rxd6 Qxg3 30. Rfd1 Rxd6 31. Qxd6+ Ka8 32. Qa3+ Kb8 33. Qd6+ Ka8
34. Qa3+ Kb8 35. Qd6+ 1/2-1/2